| 000 | 00629nam a22002057a 4500 | ||
|---|---|---|---|
| 999 |
_c9525 _d9525 |
||
| 003 | AR-CdUCM | ||
| 008 | 190328b ||||| |||| 00| 0 spa d | ||
| 040 |
_aMUNICIPALIDAD PROVINCIAL DEL CUSCO _cBIBLIOTECA MUNICIPAL DEL CUSCO |
||
| 082 |
_a869.33 / _bL31 |
||
| 100 |
_aLavín Cerda, Hernán _925789 |
||
| 245 |
_aNuestro mundo : _b1962-1964 / |
||
| 260 |
_aSantiago de Chile : _bRenovación, _c1964. |
||
| 300 |
_a121 paginas ; _c19 cm. |
||
| 500 | _aDonación familia Nieto. | ||
| 505 | _aContenido :Nuestro mundo. | ||
| 650 |
_aLiteratura chilena _92985 |
||
| 650 |
_aPoesía _9139 |
||
| 942 |
_2ddc _cLIBROS |
||
| 945 | _arum | ||